书目信息 |
| 题名: |
从零开始学理财
|
|
| 作者: | 艾凯 著 | |
| 分册: | ||
| 出版信息: | 北京 电子工业出版社 2017.04 |
|
| 页数: | 252页 | |
| 开本: | 24cm | |
| 丛书名: | ||
| 单 册: | ||
| 中图分类: | TS976.15-49 | |
| 科图分类: | ||
| 主题词: | 财务管理--通俗读物 | |
| 电子资源: | ||
| ISBN: | 978-7-121-31062-1 | |
| 000 | 00692nam0 2200217 450 | |
| 001 | 4336 | |
| 005 | 20181011102058.99 | |
| 010 | @a978-7-121-31062-1@dCNY42.00 | |
| 100 | @a20170619d2017 em y0chiy50 ea | |
| 101 | 0 | @achi |
| 102 | @aCN@b110000 | |
| 105 | @ay z 000yy | |
| 200 | 1 | @a从零开始学理财@9cong ling kai shi xue li cai@f艾凯著 |
| 210 | @a北京@c电子工业出版社@d2017.04 | |
| 215 | @a252页@d24cm | |
| 330 | @a本书对投资理财市场上所有的主流投资品种和常见陷阱进行了详细介绍,并从实战的角度分享了相关操作技巧与经验教训。 | |
| 606 | 0 | @a财务管理@j通俗读物 |
| 690 | @aTS976.15-49@v5 | |
| 701 | 0 | @a艾凯@9ai kai@4著 |
| 801 | 0 | @aCN@b91MARC@c20170619 |
| 905 | @aMuseLib@dTS976.15-49@e510 | |
| 从零开始学理财/艾凯著.-北京:电子工业出版社,2017.04 |
| 252页;24cm |
| ISBN 978-7-121-31062-1:CNY42.00 |
| 本书对投资理财市场上所有的主流投资品种和常见陷阱进行了详细介绍,并从实战的角度分享了相关操作技巧与经验教训。 |
| ● |
| 相关链接 |
|
|
|
|
正题名:从零开始学理财
索取号:TS976.15-49/510
 
预约/预借
| 序号 | 登录号 | 条形码 | 馆藏地/架位号 | 状态 | 备注 |
| 1 | 1124671 | 211246711 | 第二样本阅览室/ [索取号:TS976.15-49/510] | 在馆 | |
| 2 | 1124672 | 211246720 | 密集书库-数信学院/ [索取号:TS976.15-49/510] | 在馆 | |
| 3 | 1124673 | 211246739 | 第三借阅区/ [索取号:TS976.15-49/510] | 在馆 | |
| 4 | 1124674 | 211246748 | 第三借阅区/ [索取号:TS976.15-49/510] | 在馆 | |
| 5 | 1124675 | 211246757 | 第三借阅区/ [索取号:TS976.15-49/510] | 在馆 |